000 00789nam a22001937a 4500
999 _c9579
_d9579
003 AR-CdUCM
008 190328b ||||| |||| 00| 0 spa d
040 _aMUNICIPALIDAD PROVINCIAL DEL CUSCO
_cBIBLIOTECA MUNICIPAL DEL CUSCO
082 _a869.24 /
_bEC14E / 1943
100 _aEchagüe, Juan Pablo (Jean Paul)
_925878
245 _aEnfoques intelectuales /
260 _aBuenos Aires :
_bLosada,
_c1943.
300 _a154 páginas ;
_c20 cm.
505 _aContenido : Paul Groussac -- Maeterlinck y la poesía del misterio - Fontainebleau -- Las voces de Paris -- Los caballeros del Greco -- ¿Don Juan plagiario? -- Un mitólogo poeta -- Grandeza y decadencia de Montmartre ...
650 _aEnsayos argentinos
_911026
650 _aSiglo XX
_98
942 _2ddc
_cLIBROS
945 _azta